000 00482cam a2200181ua 4500
020 _a81 7029 236 0
_c180.00
041 _aeng
_h
082 _a005.133
_bMUK/MA
100 _aMukhi, Vijay .
245 _aMastering ORACLE 6.0: PROC,PL/SQL SQL forms 3.0 /
_cMukhi Vijay.
_hTextual Documents
250 _a1 /
_b.
260 _aNew Delhi :
_bB P B Publishers ,
_c1993.
300 _a566 ; .
365 _a180.00
504 _a
942 _cBK
999 _c9508
_d9508